00953cam a22002655a 4500999001700000005001700017008004100034020001800075020001500093040003600108082001700144100002400161245010800185250003100293260005500324300003600379504005100415650003400466651001000500653002000510700002300530700001900553942000800572952010700580 c27465d2743620190703104655.0140107t2014 at a frb 001 0 eng d a9781285434018 a1285434013 aIiNdDKAbengcIiNdDKAdEG-ScBUE04a351222bDEN1 aDenhardt, Robert B.10aPublic administration :ban action orientation /cRobert B. Denhardt, Janet V. Denhardt, Tara A. Blanc. a7th ed., International ed. aAustralia :bWadsworth, Cengage Learning,cc.2014. axviii, 445 p. :bill. ;c24 cm. aIncludes bibliographical references and index. 7aPublic administration.2BUEsh 2BUEsh bBUSADMcMay20191 aDenhardt, Janet V.1 aBlanc, Tara A. 2ddc 00102ddc4070aMAINbMAINc1STd2019-05-20eDonationl0o351 DENp000044665r2025-07-15 00:00:00yBB